Tarif des droits perçus à l'entrée et à la sortie (droits de douane, droits intérieurs, taxes sanitaires, taxes de sortie, etc.).
Saved in:
| Corporate Author: | |
|---|---|
| Format: | Book |
| Language: | French |
| Published: |
Tunis,
1908.
|
| Tags: |
Add Tag
No Tags, Be the first to tag this record!
|
| LEADER | 00579nam a2200181K 4500 | ||
|---|---|---|---|
| 001 | 004123744-7 | ||
| 005 | 20030610124815.0 | ||
| 008 | 940413s1908 ti 000 0 fre d | ||
| 035 | 0 | |a ocm80080915 | |
| 040 | |a HVL |c HVL | ||
| 110 | 1 | |a Tunisia. |b Direction générale des finances. | |
| 245 | 1 | 0 | |a Tarif des droits perçus à l'entrée et à la sortie (droits de douane, droits intérieurs, taxes sanitaires, taxes de sortie, etc.). |
| 260 | |a Tunis, |c 1908. | ||
| 300 | |a p. |c 8vo | ||
| 690 | 9 | |a Customs Laws |z Tunisia. |5 law | |
| 690 | 9 | |a Taxation |z Tunisia. |5 law | |
| 988 | |a 20020608 | ||
| 906 | |0 MH | ||


